00944amm a2200253 4500008004100000041000800041041000800049041000800057100003200065245006100097260006900158300002600227520000700253546001300260591001400273592002500287593000800312650002200320856009400342901001100436942001500447999001700462952021100479170106s2017 o d cat d acat beng bspa 975287aPascual Selis, Artau aTerminologia de l'NBAh[en línia]cArtau Pascual-Selis aVilobí d'OnyaraSanta Coloma de FarnersbNBA en catalàc2017 a42 p.b1 document PDF a50 acatalà aTERMNBA-E aObra terminològica aVKA 0abasquetbol960729 uhttps://enabeaencatala.files.wordpress.com/2017/11/definitiu_opuscle_terminologia_nba.pdf c<2017> cMOn02ddc c68475d68475 00104070aTERMCATbTERMCATd2017-01-18l0oBiblioteca electrònicapP_68565r2023-01-18 00:00:00uhttps://enabeaencatala.files.wordpress.com/2017/11/definitiu_opuscle_terminologia_nba.pdfw2023-01-18yMO